00353 2200145 4500001002100000005001500021035002000036245004400056100002100100250000600121260003400127082000800161084001400169990002400183INLIS00000000000253020250604120631 a0010-06250001161 aMerangkai Hari Esok /cSusan Evawany P.0 aSusan Evawany P. a1 aJakarta :bWahana Ilmu,c2000 a800 a800 SUS m a00.0294 s/d 00.0296